Gaming Quiz

Random Gaming or Border Quiz

Risk: 3-Border Territories Quiz Stats

Quiz Updated Mar 6, 2015

Challenge
Share
Tweet
Embed
Score 0/39 Timer 05:00
1 Play Today
3-border territory Territory % Correct
PeruBrazil
84.1%
VenezuelaBrazil
84.1%
VenezuelaPeru
82.9%
Central AmericaVenezuela
82.6%
PeruVenezuela
82.6%
New GuineaIndonesia
80.7%
SiamIndonesia
80.7%
Western AustraliaIndonesia
80.7%
South AfricaCongo
79.5%
IndonesiaSiam
78.9%
CongoSouth Africa
78.6%
IndonesiaNew Guinea
78.1%
Western AustraliaNew Guinea
78.1%
VenezuelaCentral America
76.6%
IndonesiaWestern Australia
76.2%
New GuineaWestern Australia
76.2%
SiamChina
75.8%
New GuineaEastern Australia
75.1%
Western AustraliaEastern Australia
75.1%
PeruArgentina
73.5%
3-border territory Territory % Correct
Central AmericaWestern United States
70.9%
Central AmericaEastern United States
70.4%
QuebecEastern United States
70.4%
IcelandGreenland
70.3%
QuebecGreenland
70.3%
SiamIndia
67.6%
South AfricaMadagascar
66%
QuebecOntario
63.7%
AlaskaAlberta
63.3%
AlaskaKamchatka
61%
YakutskKamchatka
61%
IcelandGreat Britain
60.5%
AlaskaNorthwest Territory
58.3%
CongoEast Africa
57%
South AfricaEast Africa
57%
YakutskIrkutsk
56.6%
CongoNorth Africa
55.3%
IcelandScandinavia
52.3%
YakutskSiberia
52.2%

You're not logged in!

Compare scores with friends on all Sporcle quizzes.
Join for Free
OR
Log In

You Might Also Like...

Show Comments

Extras

Top Quizzes Today


Score Distribution

Your Account Isn't Verified!

In order to create a playlist on Sporcle, you need to verify the email address you used during registration. Go to your Sporcle Settings to finish the process.

Report this User

Report this user for behavior that violates our Community Guidelines.

Details: